Revista

Bibliographic Details
Format: Serial
Language:Spanish
Published: Medelln̕ : Universidad Pontificia Bolivariana Escuela de Ciencias Estratǧicas, 1971-
Subjects:
Online Access:http://www.vlex.com/source/7234

MARC

LEADER 00000nas a22000007a 4500
005 20130405090325.0
007 cr|||| ||||
008 130405e19719999ck |||||s|||| 00||0 spa d
022 |a 1203886  
035 |a 7234 
040 |a vLex 
090 |c 4127  |d 4127 
245 0 0 |a Revista  |h [Recurso electrn̤ico] 
256 |a Servicio en ln̕ea 
260 |a Medelln̕ :  |b Universidad Pontificia Bolivariana Escuela de Ciencias Estratǧicas,   |c 1971- 
300 |a 1 Recurso electrn̤ico 
506 |a Contenido solo disponible en los productos indicados  |d vLex Global  |d vLex Global (Academic Edition, excluding Law Schools)  |d vLex Global (U.S. Academic Edition, Law Schools)  |d vLex Global (U.S. Academic Edition, excluding Law Schools)  |d vLex Global (Academic Edition, Law Schools) 
650 0 4 |a Derecho  |v Revistas  |z Colombia 
740 |a vLex Revistas (Servicio en ln̕ea) 
856 |a Acceso restringido  |u http://www.vlex.com/source/7234 
942 |c REV 
999 0 |a Law